Portuguese connector vocab - Statistics

General Stats
  • This quiz has been taken 3 times
  • The average score is 5 of 7
Answer Stats
Portuguese English % Correct
Até mesmo Even
100%
Mesmo que Even though
100%
No entanto However
100%
Além Disso Furthermore
67%
Todavia Still
67%
Assim Thus
33%
Dito Isso That being said
0%
No matching quizzes found
Score Distribution
Percent of People with Each Score
Percentile by Number Answered
Your Score History
You have not taken this quiz